Normal view
MARC view
- الثقافة الجماهيرية - المعلومات الثقافية
Entry Topical Term
001 - CONTROL NUMBER
- control field: 24420
003 - CONTROL NUMBER IDENTIFIER
- control field: JO-AjAnu
005 - DATE AND TIME OF LATEST TRANSACTION
- control field: 20230606074203.0
008 - FIXED-LENGTH DATA ELEMENTS
- fixed length control field: 230606|| aca||aabn | a|a d
040 ## - CATALOGING SOURCE
- Original cataloging agency: JO-AjAnu
- Transcribing agency: JO-AjAnu
150 ## - HEADING--TOPICAL TERM
- Topical term or geographic name entry element: الثقافة الجماهيرية - المعلومات الثقافية
670 ## - SOURCE DATA FOUND
- Source citation: Work cat.: (JO-AjAnu)12556: تأليف العبهري،عمر حيدر أمين , author 24419, شذرات من العلم والأدب والطب والتاريخ والطرائف وغيرها، الجزء الأول